<?xml version="1.0" encoding="UTF-8"?>
<collection xmlns="http://www.loc.gov/MARC21/slim">
    <record>
        <controlfield tag="001">90119</controlfield>
        <controlfield tag="005">20200717113345.0</controlfield>
        <datafield tag="037" ind1=" " ind2=" ">
            <subfield code="a">TAZ-TFG-2020-104</subfield>
        </datafield>
        <datafield tag="041" ind1=" " ind2=" ">
            <subfield code="a">spa</subfield>
        </datafield>
        <datafield tag="100" ind1="1" ind2=" ">
            <subfield code="a">Lacal Romero, Patricia</subfield>
        </datafield>
        <datafield tag="242" ind1="0" ind2="0">
            <subfield code="a">Spanish brain drain: the exodus of highly qualified young people</subfield>
        </datafield>
        <datafield tag="245" ind1="0" ind2="0">
            <subfield code="a">Fuga de talento en España: el éxodo de los jóvenes altamente cualificados</subfield>
        </datafield>
        <datafield tag="260" ind1=" " ind2=" ">
            <subfield code="a">Zaragoza</subfield>
            <subfield code="b">Universidad de Zaragoza</subfield>
            <subfield code="c">2020</subfield>
        </datafield>
        <datafield tag="506" ind1=" " ind2=" ">
            <subfield code="a">by-nc-sa</subfield>
            <subfield code="b">Creative Commons</subfield>
            <subfield code="c">3.0</subfield>
            <subfield code="u">http://creativecommons.org/licenses/by-nc-sa/3.0/</subfield>
        </datafield>
        <datafield tag="520" ind1=" " ind2=" ">
            <subfield code="a">La preocupación por la fuga de talento en España ha experimentado en los últimos años un notorio auge, resultado de las arduas implicaciones en una pluralidad de sectores, en tanto en cuanto afecta a dimensiones económicas, laborales y sociales.&lt;br />El presente trabajo tiene como fin último poner de manifiesto la problemática que este fenómeno supone para nuestro país, pues lejos de ser un hecho aislado, se constituye como una coyuntura de carácter cíclico, permanente y de tendencia creciente. Para ello, se dará comienzo con una breve aproximación teórica que permitirá obtener los conceptos esenciales para, posteriormente, examinar las causas que lo motivan, así como las consecuencias que conlleva. Conocidos los móviles de la emigración altamente cualificada, se estudiarán los Estados de destino de los jóvenes españoles y se analizará de forma pormenorizada la sobrecualificación como factor origen de la fuga de talento. Determinadas las magnitudes del problema y su repercusión para la economía y sociedad en su sentido más amplio, se expondrán las últimas soluciones propuestas a nivel nacional y autonómico, en referencia a la Comunidad Autónoma de Aragón.&lt;br />&lt;br /></subfield>
        </datafield>
        <datafield tag="521" ind1=" " ind2=" ">
            <subfield code="a">Programa conjunto en ADE/DERECHO (Grados)</subfield>
        </datafield>
        <datafield tag="540" ind1=" " ind2=" ">
            <subfield code="a">Derechos regulados por licencia Creative Commons</subfield>
        </datafield>
        <datafield tag="700" ind1=" " ind2=" ">
            <subfield code="a">Báez Melián, Juan Miguel</subfield>
            <subfield code="e">dir.</subfield>
        </datafield>
        <datafield tag="710" ind1="2" ind2=" ">
            <subfield code="a">Universidad de Zaragoza</subfield>
            <subfield code="b">Dirección y Organización de Empresas</subfield>
            <subfield code="c">Organización de Empresas</subfield>
        </datafield>
        <datafield tag="856" ind1="0" ind2=" ">
            <subfield code="f">699865@celes.unizar.es</subfield>
        </datafield>
        <datafield tag="856" ind1="4" ind2=" ">
            <subfield code="s">2472353</subfield>
            <subfield code="u">http://zaguan.unizar.es/record/90119/files/TAZ-TFG-2020-104.pdf</subfield>
            <subfield code="y">Memoria (spa)</subfield>
        </datafield>
        <datafield tag="909" ind1="C" ind2="O">
            <subfield code="o">oai:zaguan.unizar.es:90119</subfield>
            <subfield code="p">driver</subfield>
            <subfield code="p">trabajos-fin-grado</subfield>
        </datafield>
        <datafield tag="950" ind1=" " ind2=" ">
            <subfield code="a"></subfield>
        </datafield>
        <datafield tag="951" ind1=" " ind2=" ">
            <subfield code="a">deposita:2020-07-17</subfield>
        </datafield>
        <datafield tag="980" ind1=" " ind2=" ">
            <subfield code="a">TAZ</subfield>
            <subfield code="b">TFG</subfield>
            <subfield code="c">ECON</subfield>
        </datafield>
        <datafield tag="999" ind1=" " ind2=" ">
            <subfield code="a">20200210104818.CREATION_DATE</subfield>
        </datafield>
    </record>

    
</collection>